Evaluación comparativa de las versiones 2002 y 2010 del Código Sísmico de Costa Rica para diseño de muros de corte de mampostería
Guardat en:
| Autor principal: | |
|---|---|
| Format: | Llibre |
| Idioma: | Spanish |
| Publicat: |
[San José], Costa Rica
2012
|
| Matèries: | |
| Etiquetes: |
Afegir etiqueta
Sense etiquetes, Sigues el primer a etiquetar aquest registre!
|
MARC
| LEADER | 00000nam a22000007a 4500 | ||
|---|---|---|---|
| 003 | 010768 | ||
| 005 | 20221231143928.0 | ||
| 008 | 151103b2012 c a|||| |||| 00| 0 spa d | ||
| 040 | |c cru CEDI | ||
| 090 | |a TFG 6591 | ||
| 100 | |9 1979 |a Bolaños Prada, Eugenia | ||
| 245 | |a Evaluación comparativa de las versiones 2002 y 2010 del Código Sísmico de Costa Rica para diseño de muros de corte de mampostería | ||
| 260 | |a [San José], Costa Rica |c 2012 | ||
| 500 | |a Proyecto de graduación (licenciatura en ingeniería civil)--Universidad de Costa Rica. Facultad de Ingeniería. Escuela de Ingeniería Civil | ||
| 650 | |x DISEÑO DE ESTRUCTURAS - EVALUACION |x MUROS - DISEÑO Y CONSTRUCCION |x MAMPOSTERIA |x CONSTRUCCIONES ANTISISMICAS |9 1980 | ||
| 942 | |c TFG | ||
| 999 | |c 14359 |d 14359 | ||
